Controlling aktuální informace ze světa controllingu a systémů podporujících manažerské rozhodování

Salvato in:
Dettagli Bibliografici
Natura: Periodico
Lingua:ceco
Pubblicazione: Praha Point Consulting 2009
Soggetti:
Tags: Aggiungi Tag
Nessun Tag, puoi essere il primo ad aggiungerne!!

MARC

LEADER 00000nas2a2200000 4500
001 0164458
005 20140128131102.1
022 |a 1801-6251 
041 0 |a cze 
044 |a CZ 
245 1 0 |a Controlling  |b aktuální informace ze světa controllingu a systémů podporujících manažerské rozhodování 
264 1 |a Praha  |b Point Consulting  |c 2009 
773 0 |w eu_un_cat*0019202 
610 2 0 |a kontroling 
610 2 0 |a rozhodovanie manažérske